000 00626nam a2200217Ia 4500
005 20240304091744.0
008 131103s9999 xx 000 0 und d
020 _a9.79E+12
_cRs.1100
040 _aLoreto College
041 _aEnglish
082 _a370.954
_bTHA
100 _aThamarasseri, Ismail
245 _aEducation in the Emerging Indian Society,
_cIsmail Thamarasseri
260 _aNew Delhi
_bKanishka Pub
_c2008
300 _aix,446p.
504 _aIncludes bibliographical references and index
650 _aEducation - Indian aspect
651 _aIndia - Education
850 _aLCLIB
942 _cBK
999 _c20242
_d70721